Microbiology for the health sciences (Record no. 39115)
[ view plain ]
| 000 -LEADER | |
|---|---|
| fixed length control field | 00657nam a22002537a 4500 |
| 003 - CONTROL NUMBER IDENTIFIER | |
| control field | CEu |
| 005 - DATE AND TIME OF LATEST TRANSACTION | |
| control field | 20140311162958.0 |
| 008 - FIXED-LENGTH DATA ELEMENTS--GENERAL INFORMATION | |
| fixed length control field | 130226t xxu||||| |||| 00| 0 eng d |
| 020 ## - INTERNATIONAL STANDARD BOOK NUMBER | |
| International Standard Book Number | 9715131441 |
| 050 ## - LIBRARY OF CONGRESS CALL NUMBER | |
| Classification number | QR 41.2 |
| Item number | .B88 1996 |
| 100 ## - MAIN ENTRY--PERSONAL NAME | |
| Personal name | Burton, Gwendolyn R.W. |
| 245 ## - TITLE STATEMENT | |
| Title | Microbiology for the health sciences |
| Statement of responsibility, etc | Gwendolyn R.W. Burton, Paul G. Engelkirk |
| 250 ## - EDITION STATEMENT | |
| Edition statement | 5th ed. |
| 260 ## - PUBLICATION, DISTRIBUTION, ETC. (IMPRINT) | |
| Place of publication, distribution, etc | Philadelphia |
| Name of publisher, distributor, etc | Lippincott |
| Date of publication, distribution, etc | 1996 |
| 300 ## - PHYSICAL DESCRIPTION | |
| Extent | xiv, 444 p. : |
| Other physical details | ill. (some col.) ; |
| Dimensions | 23 cm. |
| 521 ## - TARGET AUDIENCE NOTE | |
| Target audience note | |
| 562 ## - COPY AND VERSION IDENTIFICATION NOTE | |
| Number of copies | 1 |
| 942 ## - ADDED ENTRY ELEMENTS (KOHA) | |
| Source of classification or shelving scheme | Library of Congress Classification |
| Koha item type | Books |
| Call number prefix | Foreign |
| Withdrawn status | Lost status | Source of classification or shelving scheme | Damaged status | Home library | Current library | Shelving location | Date acquired | Total Checkouts | Full call number | Barcode | Date last seen | Copy number | Price effective from | Koha item type |
|---|---|---|---|---|---|---|---|---|---|---|---|---|---|---|
| Library of Congress Classification | College Library | College Library | General Circulation Section | 12/12/2013 | QR 41.2 .B88 1996 | C4864 | 05/15/2018 | 6 | 12/12/2013 | Books |